ბათუმის შოთა რუსთაველის სახელმწიფო უნივერსიტეტის ბიბლიოთეკა

ამოსავალი პრინციპები გონითი სინამდვილისთვის ("სენტენციები") = Sententiae ad intelligibilia ducentes / (ბიბ.ჩანაწერი № 54996)

000 -ლიდერი
ფიქსირებული სიგრძის საკონტროლო ველი 02843nam a2200337Ia 4500
001 - საკონტროლო ნომერი
საკონტროლო ველი 22067
003 - საკონტროლო ნომრის იდენტიფიკატორი
საკონტროლო ველი GE_BSU
005 - ბოლო ოპერაციის თარიღი და დრო
საკონტროლო ველი 20220610115835.0
008 - ფიქსირებული სიგრძის მონაცემთა ელემენტები - ზოგადი ინფორმაცია
ფიქსირებული სიგრძის საკონტროლო ველი 181216s2013||||ge |||||||||||||| ||geo||
020 ## - წიგნის საერთაშორისო სტანდარტული ნომერი
International Standard Book Number 9789941437427
040 ## - კატალოგიზაციის წყარო
Transcribing agency GE_BSU
041 ## - ენის კოდი
Language code of text/sound track or separate title geo
080 ## - უნივერსალური ათობითი კლასიფიკაციის ინდექსი
Universal Decimal Classification number 1(38) პ-64
100 ## - მთავარი ჩანაწერი - პიროვნების სახელი
Personal name პორფირიოსი
9 (RLIN) 14036
245 ## - ცნობა სათაურის შესახებ
Title ამოსავალი პრინციპები გონითი სინამდვილისთვის ("სენტენციები") = Sententiae ad intelligibilia ducentes /
Statement of responsibility, etc პორფირიოსი ; ბერძნ. ტექსტი ქართ. ენ. თარგმნა, შესავალი, განმარტებები და ინდექსი დაურთო ლელა ალექსიძემ ; რედ.: მაგდა მჭედლიძე, მიხეილ მირაშვილი ; [ივ. ჯავახიშვილის სახ. თსუ, კლას. ფილოლ., ბიზანტ. და ნეოგრეც. ინ-ტი].
264 ## - წარმოების, გამოცემის, დისტრიბუციის და სხვა ცნობები
გამოცემის, წარმოების, დისტრიბუციის... ადგილი თბილისი :
გამოცემის, წარმოების, დისტრიბუციის... სახელწოდება ლოგოსი,
გამოცემის, წარმოების, დისტრიბუციის... თარიღი 2013.
300 ## - ფიზიკური აღწერა
Extent 181 გვ:
Other physical details ილ.;
Dimensions 19 სმ.
500 ## - ზოგადი შენიშვნა
General note ყდაზე: რომის ფორუმის ბარელიეფის დეტალი.
ყდის უკანა მხარე: ბუ, გამოსახული ათენის ტეტრადრახმაზე ძვ.წ. V ს.
501 ## - შენიშვნა თანმხლებ მასალაზე
With note ბერძნ.-ქართ. ინდექსი: გვ. 160-181.
ბერძნ. ტექსტი, ქართ. თარგმანი, განმარტებები: გვ. 39-159.
504 ## - BIBLIOGRAPHY, ETC. NOTE
Bibliography, etc ბიბლიოგრაფია გვ. 26-32.
520 ## - SUMMARY, ETC.
Summary, etc წიგნის ყდაზე გამოხატულია,რომის ფორუმის ბარელიეფის დეტალი. ყდის უკანა მხარე:ბუ,გამოსახული ათენის ტეტრადრახმაზე ძვ.წ.Vს.
653 ## - INDEX TERM--UNCONTROLLED
Uncontrolled term ძველი ბერძნული ფილოსოფია.
653 ## - INDEX TERM--UNCONTROLLED
Uncontrolled term ნეოპლატონიზმი.
653 ## - INDEX TERM--UNCONTROLLED
Uncontrolled term პლოტინი.
700 ## - ADDED ENTRY--PERSONAL NAME
Personal name ალექსიძე, ლელა
Relator term მთარგმნელი
9 (RLIN) 12513
700 ## - ADDED ENTRY--PERSONAL NAME
Personal name მჭედლიძე, მაგდა
Relator term რედაქტორი
9 (RLIN) 14037
700 ## - ADDED ENTRY--PERSONAL NAME
Personal name მირაშვილი, მიხეილ
Relator term რედაქტორი
9 (RLIN) 14038
710 ## - ADDED ENTRY--CORPORATE NAME
Corporate name or jurisdiction name as entry element თსუ
Subordinate unit კლასიკური ფილოლოგიის, ბიზანტინისტიკისა და ნეოგრეცისტიკის ინ-ტი
9 (RLIN) 14039
942 ## - ADDED ENTRY ELEMENTS (KOHA)
Koha item type წიგნი
Source of classification or shelving scheme
ეგზემპლარები
ჩამოწერის სტატუსი დაკარგული ეგზემპლარის სტატუსი კლასიფიკაციის წყარო ან თაროზე გაწყობის სქემა დაზიანების სტატუსი არ გაიცემა მუდმივი მდებარეობა (დაცვის ადგილი) ამჟამინდელი ადგილსამყოფელი თაროზე განთავსების ადგილი შეძენის თარიღი ღირებულება, შესყიდვის ნორმალური ფასი სრული შენახვის შიფრი შტრიხკოდი ბოლო ოპერაციის თარიღი ეგზემპლარის მიმდევრობითი ნომერი (კეტერი?) ფასის ძალაში შესვლის თარიღი ეგზემპლარის სახეობა საჯარო შენიშვნა
          ბათუმის შოთა რუსთაველის სახელმწიფო უნივერსიტეტის მთავარი ბიბლიოთეკა ბათუმის შოთა რუსთაველის სახელმწიფო უნივერსიტეტის მთავარი ბიბლიოთეკა წიგნსაცავი 2018-12-17 5.80 1(38) პ-64 56889 2018-12-17 56889 2018-12-17 წიგნი 5 ლ. 80 თ.
          ბათუმის შოთა რუსთაველის სახელმწიფო უნივერსიტეტის მთავარი ბიბლიოთეკა ბათუმის შოთა რუსთაველის სახელმწიფო უნივერსიტეტის მთავარი ბიბლიოთეკა წიგნსაცავი 2018-12-17 5.80 1(38) პ-64 56890 2018-12-17 56890 2018-12-17 წიგნი 5 ლ. 80 თ.
          ბათუმის შოთა რუსთაველის სახელმწიფო უნივერსიტეტის მთავარი ბიბლიოთეკა ბათუმის შოთა რუსთაველის სახელმწიფო უნივერსიტეტის მთავარი ბიბლიოთეკა წიგნსაცავი 2018-12-17 5.80 1(38) პ-64 56891 2018-12-17 56891 2018-12-17 წიგნი 5 ლ. 80 თ.
          ბათუმის შოთა რუსთაველის სახელმწიფო უნივერსიტეტის მთავარი ბიბლიოთეკა ბათუმის შოთა რუსთაველის სახელმწიფო უნივერსიტეტის მთავარი ბიბლიოთეკა წიგნსაცავი 2018-12-17 5.80 1(38) პ-64 56892 2018-12-17 56892 2018-12-17 წიგნი 5 ლ. 80 თ.
          ბათუმის შოთა რუსთაველის სახელმწიფო უნივერსიტეტის მთავარი ბიბლიოთეკა ბათუმის შოთა რუსთაველის სახელმწიფო უნივერსიტეტის მთავარი ბიბლიოთეკა წიგნსაცავი 2018-12-17 5.80 1(38) პ-64 56893 2018-12-17 56893 2018-12-17 წიგნი 5 ლ. 80 თ.
          ბათუმის შოთა რუსთაველის სახელმწიფო უნივერსიტეტის მთავარი ბიბლიოთეკა ბათუმის შოთა რუსთაველის სახელმწიფო უნივერსიტეტის მთავარი ბიბლიოთეკა წიგნსაცავი 2022-06-10 5.00 1(38) პ-64 57502 2022-06-10 57502 2022-06-10 წიგნი 5 ლ.
          ბათუმის შოთა რუსთაველის სახელმწიფო უნივერსიტეტის მთავარი ბიბლიოთეკა ბათუმის შოთა რუსთაველის სახელმწიფო უნივერსიტეტის მთავარი ბიბლიოთეკა წიგნსაცავი 2022-06-10 5.00 1(38) პ-64 57503 2022-06-10 57503 2022-06-10 წიგნი 5 ლ.
          ბათუმის შოთა რუსთაველის სახელმწიფო უნივერსიტეტის მთავარი ბიბლიოთეკა ბათუმის შოთა რუსთაველის სახელმწიფო უნივერსიტეტის მთავარი ბიბლიოთეკა წიგნსაცავი 2022-06-10 5.00 1(38) პ-64 57504 2022-06-10 57504 2022-06-10 წიგნი 5 ლ.